Country Flags with 3 Horizontal Stripes - Statistics

General Stats
  • This quiz has been taken 441 times
    373 since last reset
  • The average score is 42 of 49
Answer Stats
Flag Country % Correct
Argentina
98%
Austria
95%
Germany
94%
India
93%
Netherlands
93%
Russia
93%
Estonia
92%
Iran
92%
Latvia
92%
Colombia
91%
Egypt
91%
Hungary
91%
Iraq
91%
Croatia
90%
Slovakia
90%
Spain
90%
Armenia
89%
Luxembourg
89%
Slovenia
89%
Venezuela
89%
Bulgaria
88%
Ecuador
88%
Lithuania
88%
Lebanon
87%
Serbia
87%
Laos
86%
Syria
86%
Yemen
86%
Azerbaijan
85%
Cambodia
85%
Honduras
85%
Niger
84%
Ethiopia
82%
El Salvador
81%
Ghana
81%
Myanmar
81%
Nicaragua
81%
Bolivia
80%
Libya
80%
Belize
79%
Paraguay
78%
Tajikistan
76%
Gabon
74%
Lesotho
74%
Mauritania
74%
Malawi
73%
Sierra Leone
72%
Rwanda
71%
Nauru
70%
No matching quizzes found
Score Distribution
Percent of People with Each Score
Percentile by Number Answered
Your Score History
You have not taken this quiz since the last reset